Normal view
MARC view
- DR MUHAMMAD BILAL MALIK LEC KAMRN AZIZ BHATTI
Entry Personal Name
001 - CONTROL NUMBER
- control field: 71343
003 - CONTROL NUMBER IDENTIFIER
- control field: NUST
005 - DATE AND TIME OF LATEST TRANSACTION
- control field: 20210628204626.0
008 - FIXED-LENGTH DATA ELEMENTS
- fixed length control field: 210628|| aca||aabn | a|a d
040 ## - CATALOGING SOURCE
- Original cataloging agency: NUST
- Transcribing agency: NUST
100 ## - HEADING--PERSONAL NAME
- Personal name: DR MUHAMMAD BILAL MALIK LEC KAMRN AZIZ BHATTI
670 ## - SOURCE DATA FOUND
- Source citation: Work cat.: (NUST): AIMA NADEEM AMARA AZMAT AYESHA TUFAIL SONIA UMAR 71342, PR-SOF-1632-SMART AIMER FOR ROCKET PROPELLED GRENADE (RPG-7), 2017
